000 01404nam a22002657a 4500
005 20090304110043.0
008 090212t xxu||||| |||| 00| 0 eng d
010 _aTEL-5039
020 _cRs.50.00
035 _aTL-4045
037 _bDBAD / PUB
040 _adpl
_bTelugu
082 _a133.59254
100 _aవెంకట రామన్, బెంగుళూరు
245 _aభారతీయ జ్యోతిష సర్వస్వము /
_cబెంగుళూరు వెంకట రామన్ ; తెలుగు అనువాదం పుచ్చా శ్రీనివాస రావు
246 _aBharatiya jyotisha sarvasvam
_bBangalore venkat raman; translated by Puchcha sreenivasa rao
260 _aవిజయవాడ
_bఋషి ప్రచురణలు
_c2007
270 _aమెయిన్ రోడ్, హనుమాన్ పేట
_bవిజయవాడ
_e520 003
300 _a144పే.
_c23 సె.మీ.
490 _aడాక్టర్ బి.వి.రామన్ జ్యోతిష గ్రంథావళి
650 _aభారతీయ జ్యోతిషము
650 _aHindu astrology
942 _2ddc
_cTL
_h133.59254
_m/ VEN
999 _c24737
_d24737